|
|
|
|
| LEADER |
00893nam a2200241 a 4500 |
| 001 |
GR-MES1733 |
| 008 |
991111s1996 enk 000 b eng d |
| 020 |
|
|
|a 0803955987
|
| 040 |
|
|
|a GrPaTEI
|b gre
|c GR-PaULI
|
| 245 |
0 |
0 |
|a Person-Centered leadership :
|b An american approach to participatory management.
|
| 260 |
|
|
|a London :
|b Sage,
|c 1996
|
| 300 |
|
|
|a 251σ.
|
| 500 |
|
|
|a Περιλαμβάνει ευρετήριο.
|
| 650 |
|
4 |
|a Εργασιακές Σχέσεις
|
| 650 |
|
4 |
|a ΗΠΑ
|
| 650 |
|
4 |
|a Μάνατζμεντ
|
| 650 |
|
4 |
|a ΟΜΑΔΕΣ ΕΡΓΑΣΙΑΣ
|
| 700 |
1 |
|
|a Plas, Jeanne
|
| 710 |
0 |
|
|a Sage
|
| 942 |
|
|
|2 ddc
|
| 952 |
|
|
|0 0
|1 0
|2 ddc
|4 0
|6 658_300000000000000_PLA
|7 0
|9 266015
|a MSLG
|b MSLG
|c BSC
|d 2021-01-17
|e 24
|f 0
|g 0.00
|l 0
|o 658.3 PLA
|p 2420000011975
|r 2021-01-17 00:00:00
|t 1
|w 2021-01-17
|y BK15
|x 19991111 0 1
|x GrPaTEI
|
| 971 |
|
|
|a .b2572776x
|b 15-04-20
|c 13-09-16
|
| 999 |
|
|
|c 152940
|d 152940
|